Análisis de sistemas eléctricos de potencia / (Record no. 147973)

MARC details
000 -LEADER
campo de control de longitud fija 00542nam a2200169 4500
001 - NÚMERO DE CONTROL
campo de control 147973
003 - IDENTIFICADOR DE NÚMERO DE CONTROL
campo de control ES-MaACL
007 - CAMPO FIJO DE DESCRIPCIÓN FÍSICA--INFORMACIÓN GENERAL
campo de control de longitud fija t|
008 - DATOS DE LONGITUD FIJA--INFORMACIÓN GENERAL
campo de control de longitud fija 070214s1985 mx r ||||1| spa d
100 1# - ENTRADA PRINCIPAL--NOMBRE DE PERSONA
Nombre de persona Stevenson, WIlliam D.
9 (RLIN) 108173
245 10 - MENCIÓN DEL TÍTULO
Título Análisis de sistemas eléctricos de potencia /
Mención de responsabilidad, etc. William D. Stevenson ; traducción, Jairo Osuna Suárez.
250 ## - MENCION DE EDICION
Mención de edición 2ª ed.
260 ## - PUBLICACIÓN, DISTRIBUCIÓN, ETC.
Lugar de publicación, distribución, etc. México [etc.] :
Nombre del editor, distribuidor, etc. McGraw-Hill,
Fecha de publicación, distribución, etc. 1985.
300 ## - DESCRIPCIÓN FÍSICA
Extensión XII, 383 p. ;
Dimensiones 23 cm.
700 1# - ENTRADA AGREGADA--NOMBRE PERSONAL
Nombre de persona Osuna Suárez, Jairo.
9 (RLIN) 87846
852 ## - LOCALIZACIÓN
Ubicación ES-MaACL
Número de control de estantería L-9482
Sublocalización o colección R.111633
Holdings
Estatus retirado Estado de pérdida Estado de daño No para préstamo Biblioteca de origen Biblioteca actual Ubicación en estantería Fecha de adquisición Fuente de adquisición Total de préstamos Signatura topográfica completa Código de barras Visto por última vez Precio de reemplazo Tipo de ítem Koha
        Biblioteca del Ateneo de Madrid Biblioteca del Ateneo de Madrid Depósito 2 17/01/2008     L-9482 1154427 23/02/2023 23/02/2023 Libro impreso